Quelle est la plus grande ville sur ce fleuve ? - Statistiques

Statistiques générales
  • Ce quiz a été pris 14 881 fois
  • Le résultat moyen est 9 sur 21
Statistiques - réponses
Fleuve Ville % Correct
Seine Paris
99%
Nil Le Caire
95%
Tamise Londres
87%
Loire Nantes
73%
Garonne Toulouse
70%
Congo Kinshasa
66%
Saint-Laurent Montréal
63%
Danube Budapest
58%
Tibre Rome
56%
Yangtsé Shanghai
56%
Dniepr Kiev
42%
Tigre Bagdad
38%
Neva Saint-Pétersbourg
30%
Vistule Varsovie
27%
Potomac Washington DC
19%
Niger Bamako
15%
Escaut Anvers
14%
Mékong Phnom Penh
13%
Mississippi Minneapolis
6%
Indus Hyderabad
4%
Ob Novossibirsk
4%
Aucun quiz correspondant
Distribution des résultats
% des personnes avec chaque résultat
Percentile par nombre de réponses
Votre historique - résultats
Vous n’avez pas pris ce quiz